Manual de Criminalística (Registro nro. 3632)

Detalles MARC
000 -Cabecera
Campo de control de longitud fija 00737aam a2200277 4500
005 - Fecha y hora de la última transacción
Campo de control 20251104161732.0
008 - Elementos de longitud fija--Información general
Campo de control de longitud fija 150304b1998 xxu||||| |||| 00| 0 spa d
020 ## - International Standard Book Number
Número Internacional Estándar del Libro (ISBN) 9789871573219
041 ## - Idioma
Código de idioma Español
082 ## - Clasificación Decimal Dewey
Número de clasificación 363.25 Z21m
100 ## - Entrada principal--Autor personal
Nombre personal Zajaczkowski, Raúl
245 ## - Título propiamente dicho
Título Manual de Criminalística
260 ## - Pie de imprenta
Lugar de publicación, distribución, etc. Argentina
260 ## - Pie de imprenta
Nombre del editor, distribuidor, etc. Ciudad Argentina
260 ## - Pie de imprenta
Fecha de publicación, distribución, etc. 1998
300 ## - Descripción física
Extensión 704 páginas
490 ## - Serie
Título de la Serie Investigación Criminal
650 ## - Materia general
Temática (materia general) CRIMINALÍSTICA
650 ## - Materia general
Temática (materia general) DACTILOSCOPÍA
650 ## - Materia general
Temática (materia general) MEDICINA FORENSE
650 ## - Materia general
Temática (materia general) INVESTIGACIÓN CRIMINAL
650 ## - Materia general
Temática (materia general) DOCUMENTOSCOPÍA
650 ## - Materia general
Temática (materia general) BALÍSTICA
650 ## - Materia general
Temática (materia general) PERITAJE QUIMICO, ACCIDENTOLOGICO, MECANOGRAFICO Y BALISTICO
942 ## - Punto de acceso adicional KOHA
Tipo de ítem KOHA Libro
Fuente del sistema de clasificación o colocación Dewey Decimal Classification
Existencias
Signatura completa Código de barras Programa Académico Tipo de ítem
363.25 Z21m 4875 Investigación Criminal Libro
363.25 Z21m 4876 Investigación Criminal Libro